Los delitos de quiebra

Uloženo v:
Podrobná bibliografie
Hlavní autor: González Cussac, José Luis (Autor)
Médium: Kniha
Jazyk:španělština
Vydáno: Valencia Tirant lo Blanch 2000
Témata:
Tagy: Přidat tag
Žádné tagy, Buďte první, kdo vytvoří štítek k tomuto záznamu!

MARC

LEADER 00000nam a2200000 a 4500
001 UCL4025
003 CL-VaPUC
008 031219e20000000SP |||||||||||||||||spa|d
020 |a 8484422127 
082 0 4 |a 345.4602168  |b GON  |2 21 
100 |a González Cussac, José Luis  |e author  |9 554928 
245 1 4 |a Los delitos de quiebra 
300 |a 287 p 
942 |c BK 
945 |d 20031219 00:00:00  |a cmena 
260 |a Valencia  |b Tirant lo Blanch  |c 2000 
650 0 |a Derecho penal español  |9 368528 
650 0 |a Delitos  |9 224143 
650 7 |a QUIEBRAS  |2 CL-VaPUC  |9 329303 
651 0 |a España  |9 254926 
583 |a last modification  |c 20031219 00:00:00  |k Rodrigo Vera 
999 |c 306982  |d 306980 
952 |0 0  |1 0  |4 0  |6 345_460216800000000_GON_2000  |7 0  |8 A  |9 372443  |a BIBDER  |b BIBDER  |d 2019-11-21  |i 3859177  |o 345.4602168 GON 2000  |p 3859177  |r 2019-11-21  |w 2019-11-21  |y BK  |k DER